000 01352nam a2200289 a 4500
001 C01472905c-0
003 CO-ViMGA
005 20230915233140.0
008 150219s2014 ck a gr 00110 spa d
020 _a9789588321738
040 _aCO-ViMGA
_bspa
_cCO-ViMGA
043 _as-ck---
082 0 4 _a306.44
_bB64l6
_221
110 2 _aBogotá (Colombia).
_bAlcaldía Mayor.
_bSecretaría de Cultura, Recreación y Deporte.
_bDirección de Arte, Cultura y Patrimonio.
_94523
240 1 0 _aBogotá-Bibliografía regional
245 1 0 _aLineamientos para la implementacion del enfoque poblacional diferencial /
_cSecretaría de Cultura, Recreación y Deporte. Dirección de Arte, Cultura y Patrimonio.
260 _aBogotá :
_bAlcaldía Mayor de Bogotá :
_bBogotá Humana :
_bSecretaría de Cultura, Recreación y Deporte. Dirección de Arte, Cultura y Patrimonio,
_c2014.
300 _a78 páginas :
_bilustraciones ;
_c21 cm.
490 1 _aCaminos para el Hacer
650 1 4 _aMulticulturalismo
_z Bogotá (Colombia)
_94524
650 1 4 _aCultura popular
_z Bogotá (Colombia)
_94527
650 1 4 _aDinámica de la población
_z Bogotá (Colombia)
_94525
650 1 4 _aGrupos étnicos
_z Bogotá (Colombia)
_94526
650 1 4 _aPolítica cultural
_z Bogotá (Colombia)
_94528
942 _2ddc
_cBK
949 _an
_bn
999 _c35761
_d35761